00780pam a2200217 a 4500001000500000005001700005020001500022040002300037050002100060082001000081100002200091245003700113250004700150260003500197300005800232505000800290520019900298521002000497521002000517650002500537439620250820103056.0 a0590542109 aDLCcDLCdDLCbeng00aPZ7.P75186b199400a973.71 aPolacco, Patricia10aPink and Say /cPatricia Polacco aFirst scholastic printing , September 1995 aNew York :bScholastic ;c1994 a48 unnumbered pages : bcolor illustrations ;c29 cm. aQ  aSay Curtis describes his meeting with Pinkus Aylee, a black soldier, during the Civil War, and their capture by Southern troops. Based on a true story about the author's great-great-grandfather. a660 bLexile  aQ bRaz-Plus  1aFriendshipxFiction.